书目信息 |
| 题名: |
轿车构造图集
|
|
| 作者: | 傅春阳 , 支树模 , 贾秀珍 , 陈志春 编 | |
| 分册: | 上册 | |
| 出版信息: | 北京 人民交通出版社 2000-2001 |
|
| 页数: | 97页 | |
| 开本: | 26x37cm | |
| 丛书名: | ||
| 单 册: | ||
| 中图分类: | U469.110.3-64 | |
| 科图分类: | ||
| 主题词: | 轿车--Jiao Che--车体结构--图集 | |
| 电子资源: | ||
| ISBN: | 7-114-03559-4 | |
| 000 | 01055nam0 2200277 450 | |
| 001 | CAL 012000880911 | |
| 005 | 20061123151002.18 | |
| 010 | @a7-114-03559-4@dCNY 28.00 | |
| 010 | @a7-114-04005-9@b下册@dCNY28.00 | |
| 099 | @aCAL 012000880911@aCAL 012002184787 | |
| 100 | @a20060403g20002001em y0chiy0121 ea | |
| 101 | 0 | @achi |
| 102 | @aCN@b110000 | |
| 200 | 1 | @a轿车构造图集@Ajiao che gou zao tu ji@h上册@f傅春阳编 |
| 210 | @a北京@c人民交通出版社@d2000-2001 | |
| 215 | @a97页@c图@d26x37cm | |
| 314 | @a下册主编: 支树模, 贾秀珍, 陈志春 | |
| 330 | @a本图集展示了现代轿车发动机的构造和工作原理,通过几种典型实例,重点介绍了现代轿车发动机的最新技术和最新结构的应用,如多气门汽油机结构、可变配气相位控制机构、进排气系统、汽油机增压系统等。 | |
| 606 | 0 | @a轿车@AJiao Che@x车体结构@j图集 |
| 690 | @aU469.110.3-64@v4 | |
| 701 | 0 | @a傅春阳@AFu Chunyang@4编 |
| 701 | 0 | @a支树模@AZhi Shu Mo@4主编 |
| 701 | 0 | @a贾秀珍@AJia Xiu Zhen@4主编 |
| 701 | 0 | @a陈志春@AChen Zhi Chun@4主编 |
| 801 | @aCN@bHNTF@c20061123 | |
| 905 | @apdsgxy@dU469.110.3-64@eF908:1 | |
| 轿车构造图集.上册/傅春阳编.-北京:人民交通出版社,2000-2001 |
| 97页:图;26x37cm |
| ISBN 7-114-03559-4:CNY 28.00 |
| 本图集展示了现代轿车发动机的构造和工作原理,通过几种典型实例,重点介绍了现代轿车发动机的最新技术和最新结构的应用,如多气门汽油机结构、可变配气相位控制机构、进排气系统、汽油机增压系统等。 |
| ● |
| 相关链接 |
|
|
|
正题名:轿车构造图集
索取号:U469.110.3-64/F908:1
 
预约/预借
| 序号 | 登录号 | 条形码 | 馆藏地/架位号 | 状态 | 备注 |
| 1 | 616022 | 206160223 | 自科二线404/404自科库 30排1列3层/ [索取号:U469.110.3-64/F908:1] | 在馆 | |
| 2 | 616023 | 206160232 | 自科二线404/404自科库 30排1列3层/ [索取号:U469.110.3-64/F908:1] | 在馆 | |
| 3 | 616024 | 206160241 | 自科库501/501自科库 56排5列4层/ [索取号:U469.110.3-64/F908:1] | 在馆 | |
| 4 | 616025 | 206160250 | 自科二线404/404自科库 30排1列3层/ [索取号:U469.110.3-64/F908:1] | 在馆 | |
| 5 | 616026 | 206160269 | 自科库501/501自科库 56排5列4层/ [索取号:U469.110.3-64/F908:1] | 在馆 |